Το μέτρο του κόσμου
Αποθηκεύτηκε σε:
| Κύριος συγγραφέας: | |
|---|---|
| Μορφή: | Βιβλίο |
| Γλώσσα: | Greek French |
| Δημοσίευση: |
Αθήνα :
Τραυλός,
2002.
|
| Θέματα: | |
| Ετικέτες: |
Προσθήκη ετικέτας
Δεν υπάρχουν, Καταχωρήστε ετικέτα πρώτοι!
|
MARC
| LEADER | 00000cam a2200000 i 4500 | ||
|---|---|---|---|
| 001 | 1/88934 | ||
| 008 | 051111s2002 gr | ||| |||| ||gre|| | ||
| 020 | |a 9607990560 | ||
| 035 | |l 10081202 | ||
| 040 | |a GR-MyUa |b gre |e AACR2 | ||
| 041 | 1 | |a gre |h fre | |
| 082 | 7 | |a 843 |2 (22) | |
| 100 | 1 | |a Guedj, Denis. | |
| 245 | 1 | 3 | |a Το μέτρο του κόσμου / |c Denis Guedj ; μετάφραση Μαργαρίτα Κουλεντιανού. |
| 260 | |a Αθήνα : |b Τραυλός, |c 2002. | ||
| 300 | |a 367 σ. : |b εικ. ; |c 21 εκ. | ||
| 500 | |a Τίτλος πρωτοτύπου: Le mètre du monde. | ||
| 504 | |a Βιβλιογραφία: σ. 347-361. | ||
| 650 | 0 | |a French fiction. | |
| 852 | |a INST |b SYROS |e 20051111 |h 843 GUE |p 005500005156 |q 005500005156 |t BK |y 0 | ||
| 901 | |a BIBL5-2006-1 | ||
| 922 | |a 5ΕΛΗ |b 200511 |c Βιβλιοθήκη Σύρου |d Σελεφαΐς | ||
| 970 | |a Κοντού |b Παρασκευή |z 24/02/2006 | ||